| 000 | 00582nam a2200193 4500 | ||
|---|---|---|---|
| 003 | LK-CoMWRAF | ||
| 005 | 20231022134855.0 | ||
| 008 | 231022b1992 |||||||| |||| 00| 0 eng d | ||
| 020 | _a0333900090 | ||
| 040 |
_aLK-CoMWRAF _dLK-CoMWRAF _eLK-CoMWRAF |
||
| 041 | _aeng | ||
| 082 |
_a891.44 _bTAG |
||
| 100 | _aTagore, Rabindranath | ||
| 245 |
_aGitanjali : song offerings: _ba collection of prose translation made by the author from the original Bengali |
||
| 260 |
_aMadras: _bMacmillan India limited, _c1992 |
||
| 300 | _axv. 72 p. | ||
| 650 | _aBENGALI LITERATURE | ||
| 942 | _cBK | ||
| 999 |
_c3980 _d3980 |
||